| 000 | 01497nab a2200253 i 4500 | ||
|---|---|---|---|
| 001 | 768714001 | ||
| 003 | CO-MdFUSB | ||
| 005 | 20240627093434.0 | ||
| 008 | 240627t1997 us ||||| |||| 00| 0 eng d | ||
| 040 |
_bspa _cCO-MdFUSB _dCO-MdFUSB |
||
| 041 | _aeng | ||
| 100 |
_aHertig, Paul, _d1955- _eautor |
||
| 245 | 1 | 3 |
_aThe Galilee theme in Matthew : _btransforming mission through marginality _c/ Paul Hertig |
| 520 | _aMateo introduce y concluye el ministerio de Jesús en Galilea. Este artículo interpreta el término “Galilea” para señalar un tema misionológico clave en el Evangelio de Mateo, a saber, que Dios acepta a los rechazados del mundo y los comisiona como agentes de cambio de Dios en el mundo. Galilea, con sus relaciones abiertas con el resto del mundo, retrata la naturaleza inclusiva de la misión de Jesús y del Evangelio de Mateo. A través del término “Galilea”, Mateo transforma la marginalidad de una maldición a una bendición y demuestra que la misión desde los márgenes tiene el potencial de transformar el mundo. | ||
| 546 | _aTexto en inglés. | ||
| 630 | 0 | 7 |
_aBiblia. _vMateo _xCrítica, interpretación, etc. |
| 650 | 0 |
_aMisiones _9154 |
|
| 650 | 7 |
_aHermenéutica bíblica _97333 |
|
| 650 | 7 |
_aCristología _9239 |
|
| 653 | _aGalilea | ||
| 773 | 0 |
_049486 _961112 _d Pasadena _oR0902 _tMissiology: _w(CO-MdFUSB)97 _gVolumen 25, (número 2, 1997) páginas: 155 - 163 _qpágina: 155 |
|
| 942 | _cANA | ||
| 945 | _aCatherine Arias Álvarez - Practicante SENA | ||
| 999 |
_c70391 _d70391 |
||